[Event "Titled Tue 24th Jun Early"]
[Site "chess.com INT"]
[Date "2025.06.24"]
[Round "10"]
[White "Agarwal, Amaya"]
[Black "Lloret Ramis, Juan Jose"]
[Result "1-0"]
[WhiteTitle "WCM"]
[BlackTitle "FM"]
[WhiteElo "2004"]
[BlackElo "2019"]
[WhiteFideId "48733580"]
[BlackFideId "2204053"]
[EventDate "2025.06.24"]

1. e4 c5 2. c3 e6 3. d4 d5 4. exd5 Qxd5 5. Nf3 Nc6 6. Be2 cxd4 7. cxd4 Bb4+ 8.
Nc3 Nf6 9. O-O Qd8 10. a3 Bxc3 11. bxc3 O-O 12. Bg5 h6 13. Bh4 b6 14. Re1 Bb7
15. Bd3 Rc8 16. Bc2 Na5 17. Qd3 g6 18. Ne5 g5 19. Bg3 Bd5 20. f4 Qe7 21. fxg5
hxg5 22. h4 gxh4 23. Bxh4 Nc4 24. Bxf6 Nxe5 25. Qh7# 1-0

[Event "Titled Tue 24th Jun Early"]
[Site "chess.com INT"]
[Date "2025.06.24"]
[Round "10"]
[White "Hansen, Eric"]
[Black "Dudzinski, Piotr"]
[Result "1-0"]
[WhiteTitle "GM"]
[BlackTitle "FM"]
[WhiteElo "2609"]
[BlackElo "2335"]
[WhiteFideId "2606771"]
[BlackFideId "1119362"]
[EventDate "2025.06.24"]

1. e4 e6 2. d4 d5 3. Nc3 dxe4 4. Nxe4 Bd7 5. Nf3 Bc6 6. Bd3 Nd7 7. O-O Ngf6 8.
Ned2 Be7 9. Re1 O-O 10. b3 b6 11. Bb2 Bb7 12. c4 c5 13. Qc2 Re8 14. Ng5 Nf8 15.
dxc5 h6 16. c6 Bxc6 17. Ngf3 Qc7 18. Ne5 Bb7 19. Ndf3 Rad8 20. Re2 N6d7 21. Rae1
Nxe5 22. Nxe5 Bf6 23. Re3 Nd7 24. Nxf7 Kxf7 25. Bg6+ Kg8 26. Bxe8 Rxe8 27. Rxe6
Rf8 28. Bxf6 Nxf6 29. Re7 Qc6 30. Qg6 Nh5 31. Qxc6 Bxc6 32. Rxa7 Rd8 33. f3 Rd2
34. Re6 Rxg2+ 35. Kxg2 Nf4+ 36. Kf2 Nxe6 37. Ra6 Nd4 38. Rxb6 Be8 39. a4 Kf8 40.
a5 Nc6 41. a6 Ke7 42. a7 Nxa7 43. Rb7+ Kf6 44. Rxa7 Bf7 45. Rc7 g5 46. b4 Be6
47. b5 Ke5 48. b6 1-0

[Event "Titled Tue 24th Jun Early"]
[Site "chess.com INT"]
[Date "2025.06.24"]
[Round "10"]
[White "Kosteniuk, Alexandra"]
[Black "Manukian, Artak"]
[Result "1-0"]
[WhiteTitle "GM"]
[WhiteElo "2474"]
[BlackElo "2104"]
[WhiteFideId "4128125"]
[BlackFideId "13301373"]
[EventDate "2025.06.24"]

1. Nf3 g6 2. e4 Bg7 3. d4 d6 4. Nc3 Nf6 5. Be2 O-O 6. O-O c6 7. a4 a5 8. Bf4 Na6
9. Qd2 Nb4 10. h3 Re8 11. Rfd1 d5 12. e5 Nd7 13. Bf1 Nf8 14. Ne2 Bf5 15. c3 Na6
16. g4 Bd7 17. Ng3 b5 18. Bh6 b4 19. c4 e6 20. h4 dxc4 21. Bxc4 Nc7 22. Bg5 f6
23. exf6 Bxf6 24. Ne4 Bxg5 25. hxg5 Re7 26. Nf6+ Kh8 27. Ne5 Nd5 28. Bxd5 exd5
29. Kg2 Qc8 30. Rh1 Be6 31. Qd3 Bg8 32. Rh4 Rg7 33. Rah1 Raa7 34. f4 c5 35. Rc1 1-0

[Event "Titled Tue 24th Jun Early"]
[Site "chess.com INT"]
[Date "2025.06.24"]
[Round "10"]
[White "Oppezzo, Sebastian"]
[Black "Cardozo Munar, Carlos Eduardo"]
[Result "0-1"]
[BlackTitle "FM"]
[WhiteElo "2177"]
[BlackElo "2052"]
[WhiteFideId "112321"]
[BlackFideId "4409477"]
[EventDate "2025.06.24"]

1. d4 d5 2. c4 e5 3. dxe5 d4 4. a3 Nc6 5. Nf3 Nge7 6. e3 Bg4 7. exd4 Bxf3 8.
gxf3 Qxd4 9. Be3 Qxd1+ 10. Kxd1 Nxe5 11. Be2 O-O-O+ 12. Kc2 Nf5 13. Nc3 c6 14.
Rad1 Be7 15. Bxa7 c5 16. Bb6 Nd4+ 17. Kb1 Nxe2 18. Nxe2 Rxd1+ 19. Rxd1 Nxc4 20.
Bxc5 Bxc5 21. Rc1 Nd2+ 22. Ka2 b6 23. b4 Nxf3 24. bxc5 bxc5 25. Rxc5+ Kd7 26.
Rf5 Nxh2 27. Rxf7+ Ke6 28. Rxg7 h5 29. Nf4+ Kf5 30. Nh3 Ng4 31. a4 Nf6 32. Kb3
Rb8+ 33. Kc4 Rc8+ 34. Kb5 Rb8+ 35. Kc6 Rb3 36. Rg5+ Ke4 37. Ng1 h4 0-1

[Event "Titled Tue 24th Jun Early"]
[Site "chess.com INT"]
[Date "2025.06.24"]
[Round "10"]
[White "Naroditsky, Daniel"]
[Black "Shogdzhiev, Roman"]
[Result "1-0"]
[WhiteTitle "GM"]
[BlackTitle "FM"]
[WhiteElo "2619"]
[BlackElo "2402"]
[WhiteFideId "2026961"]
[BlackFideId "55653537"]
[EventDate "2025.06.24"]

1. d4 d5 2. Nc3 Nf6 3. Bf4 a6 4. e3 c5 5. dxc5 e6 6. Nf3 Bxc5 7. Bd3 O-O 8. O-O
b5 9. a3 Bb7 10. Qe2 Nbd7 11. Rad1 Qe7 12. e4 dxe4 13. Nxe4 Nxe4 14. Bxe4 Bxe4
15. Qxe4 Nf6 16. Qe2 Nd5 17. Bg3 Rfe8 18. Rfe1 Qb7 19. Ne5 Bd6 20. Qf3 Bxe5 21.
Bxe5 f6 22. Bg3 Rac8 23. c3 Qf7 24. h4 h5 25. Rd4 Nb6 26. Rd6 Nc4 27. Rxa6 Nxb2
28. Rb6 Na4 29. Rb7 Re7 30. Rxe7 Qxe7 31. Qxh5 Nxc3 32. Qg4 Rc6 33. h5 Nd5 34.
h6 Qf7 35. Qe2 Nc3 36. Qf3 Nd5 37. hxg7 Qxg7 38. Qd3 Rc4 39. a4 Qh7 40. Qe2 Rxa4
41. Qxe6+ Qf7 42. Qc6 Rc4 43. Qxb5 Rc8 44. Qd3 Nb4 45. Qe4 Nd5 46. Qg4+ 1-0

[Event "Titled Tue 24th Jun Early"]
[Site "chess.com INT"]
[Date "2025.06.24"]
[Round "10"]
[White "Essing, Arnold"]
[Black "Grot, Blazej"]
[Result "0-1"]
[WhiteTitle "FM"]
[BlackTitle "CM"]
[WhiteElo "2197"]
[BlackElo "2187"]
[WhiteFideId "4619862"]
[BlackFideId "21835845"]
[EventDate "2025.06.24"]

1. d4 Nf6 2. Nf3 e6 3. c4 d5 4. Nc3 Bb4 5. cxd5 exd5 6. Bg5 O-O 7. g3 c6 8. Bg2
h6 9. Bxf6 Qxf6 10. O-O Bf5 11. Qb3 Qe7 12. Ne5 Bd6 13. f4 a5 14. Rae1 f6 15.
Nf3 Qe3+ 16. Kh1 Rf7 17. Nh4 Bh7 18. f5 Na6 19. Rf3 Qxd4 20. e4 Nc5 21. Qc2 dxe4
22. Nxe4 Nxe4 23. Rxe4 Qc5 24. Rc4 Qb6 25. Rd3 Be5 26. Qd2 Rff8 27. b3 Rad8 28.
Ng6 Bxg6 29. fxg6 Rxd3 30. Qxd3 Rd8 31. Qc2 Qe3 32. Re4 Qd2 33. Qxd2 Rxd2 34.
Bf1 Rxa2 35. Bc4+ Kf8 36. Kg1 Ke7 37. h4 b5 38. Bd3 Rb2 39. Bf1 Rxb3 40. g4 a4
41. g5 hxg5 42. hxg5 Rg3+ 43. Kf2 Rxg5 0-1

[Event "Titled Tue 24th Jun Early"]
[Site "chess.com INT"]
[Date "2025.06.24"]
[Round "10"]
[White "Nersisyan, Garnik"]
[Black "Brancaleoni, Maurizio"]
[Result "1-0"]
[WhiteTitle "CM"]
[BlackTitle "FM"]
[WhiteElo "2035"]
[BlackElo "2185"]
[WhiteFideId "13300741"]
[BlackFideId "803022"]
[EventDate "2025.06.24"]

1. e4 c6 2. d3 g6 3. Nc3 Bg7 4. Be3 d5 5. exd5 cxd5 6. d4 Nc6 7. g3 Nf6 8. Bg2
O-O 9. Nge2 e6 10. O-O b6 11. Qd2 Ba6 12. Rfe1 Rc8 13. Bh6 Na5 14. Bxg7 Kxg7 15.
Qg5 Bxe2 16. Rxe2 Nc4 17. Qc1 Qc7 18. Nd1 Nd6 19. c3 b5 20. a3 a5 21. f3 Qb6 22.
Nf2 b4 23. axb4 axb4 24. Nd3 bxc3 25. bxc3 Nd7 26. Rb2 Qc7 27. Rc2 Nf5 28. Ra4
Nb6 29. Rb4 Nc4 30. Nc5 Nfe3 31. Ra2 Nxg2 32. Kxg2 Ra8 33. Qa1 Rxa2+ 34. Qxa2 e5
35. Rb7 Qd6 36. Qa6 Qxa6 37. Nxa6 exd4 38. cxd4 Ne3+ 39. Kf2 Nf5 40. Nc7 Rd8 41.
Ne6+ 1-0

[Event "Titled Tue 24th Jun Early"]
[Site "chess.com INT"]
[Date "2025.06.24"]
[Round "10"]
[White "Sovetbekova, Nurai"]
[Black "Mattenberger, Matthias"]
[Result "1-0"]
[WhiteTitle "WFM"]
[BlackTitle "FM"]
[WhiteElo "2007"]
[BlackElo "2286"]
[WhiteFideId "13801910"]
[BlackFideId "1339958"]
[EventDate "2025.06.24"]

1. d4 Nf6 2. Bf4 d5 3. e3 e6 4. Nf3 Bd6 5. Bg3 O-O 6. c3 c5 7. Nbd2 Qc7 8. Bd3
Nbd7 9. O-O e5 10. dxe5 Nxe5 11. Nxe5 Bxe5 12. Bxe5 Qxe5 13. Nf3 Qe7 14. c4 dxc4
15. Bxc4 Be6 16. Qb3 Bxc4 17. Qxc4 Rfc8 18. Rfd1 Rab8 19. Rac1 b5 20. Qh4 h6 21.
h3 a5 22. Rd2 Qe6 23. b3 a4 24. bxa4 b4 25. Rcd1 c4 26. Nd4 Qe5 27. Nf3 Qe4 28.
Rd4 Qxh4 29. Nxh4 b3 30. axb3 cxb3 31. Nf5 Kh7 32. Nd6 Rc2 33. Nb5 b2 34. Rb1
Ne4 35. Rb4 Rc1+ 36. Kh2 Rxb1 37. a5 Nd2 38. a6 1-0

[Event "Titled Tue 24th Jun Early"]
[Site "chess.com INT"]
[Date "2025.06.24"]
[Round "10"]
[White "Oatlhotse, Providence"]
[Black "Milare, Tyron"]
[Result "0-1"]
[WhiteTitle "IM"]
[BlackTitle "FM"]
[WhiteElo "2241"]
[BlackElo "2248"]
[WhiteFideId "11300507"]
[BlackFideId "12987018"]
[EventDate "2025.06.24"]

1. d4 Nf6 2. c4 c6 3. Nf3 d5 4. Nc3 g6 5. Bf4 Bg7 6. e3 Nbd7 7. h3 Ne4 8. Qc2
Qa5 9. Bd3 Ndf6 10. O-O Nxc3 11. bxc3 O-O 12. Rab1 dxc4 13. Bxc4 b5 14. Bd3 Nd5
15. Be5 Qxc3 16. Qxc3 Nxc3 17. Rbc1 Nxa2 18. Rxc6 Nb4 19. Rc3 Nxd3 20. Rxd3 Bf5
21. Rb3 a5 22. g4 Be4 23. Nd2 a4 24. Rb4 Bd3 25. Ra1 Bxe5 26. dxe5 Rfc8 27. Ra3
Rc1+ 28. Kg2 Be2 29. Ne4 Rc4 30. Rxc4 Bxc4 31. Nc3 Kg7 32. Kg3 h5 33. f4 h4+ 34.
Kxh4 Rh8+ 35. Kg3 Bf1 36. h4 b4 37. Ra1 bxc3 38. Rxf1 c2 39. Rc1 Rc8 40. Kf2 a3
41. Ke2 a2 42. Kd2 f5 43. gxf5 gxf5 44. Ra1 c1=Q+ 0-1

[Event "Titled Tue 24th Jun Early"]
[Site "chess.com INT"]
[Date "2025.06.24"]
[Round "10"]
[White "Karttunen, Mika"]
[Black "Shangin, Lev"]
[Result "1-0"]
[WhiteTitle "IM"]
[WhiteElo "2490"]
[BlackElo "2169"]
[WhiteFideId "502081"]
[BlackFideId "55681085"]
[EventDate "2025.06.24"]

1. c4 Nf6 2. Nc3 e6 3. e4 e5 4. Nf3 Nc6 5. d3 Bc5 6. h3 d6 7. g3 O-O 8. Bg2 a6
9. O-O Be6 10. Be3 Bxe3 11. fxe3 h6 12. Nh4 g6 13. Nd5 Nd7 14. Qf3 Kg7 15. Nc3
Ne7 16. g4 Rb8 17. Nf5+ Bxf5 18. exf5 Nf6 19. d4 Nc6 20. Rad1 g5 21. Qg3 Nd7 22.
f6+ Kg8 23. Ne4 Re8 24. d5 Na5 25. h4 Nxc4 26. hxg5 Nc5 27. Qh4 Nxe4 28. Bxe4
Nxe3 29. Qxh6 1-0

[Event "Titled Tue 24th Jun Early"]
[Site "chess.com INT"]
[Date "2025.06.24"]
[Round "10"]
[White "Lowinger, Daniel"]
[Black "Emeliantsev, Anatoliy"]
[Result "0-1"]
[BlackTitle "FM"]
[WhiteElo "2086"]
[BlackElo "2359"]
[WhiteFideId "2005557"]
[BlackFideId "4160681"]
[EventDate "2025.06.24"]

1. e4 c5 2. Nf3 Nc6 3. d4 cxd4 4. Nxd4 Nf6 5. Nc3 e5 6. Ndb5 d6 7. Bg5 a6 8. Na3
b5 9. Nd5 Be7 10. Bxf6 Bxf6 11. c4 Be6 12. g3 Bxd5 13. Qxd5 Nd4 14. Bd3 Qa5+ 15.
Kf1 O-O 16. Kg2 Qd2 17. Bc2 b4 18. Rad1 Qe2 19. Rxd4 exd4 20. Bd1 Qxb2 21. Nc2
a5 22. Ne1 Qxa2 23. Nd3 Qd2 24. Nf4 Be5 25. Nh5 a4 26. Bg4 a3 27. Rd1 Qc2 28.
Re1 a2 29. Bd1 Qd2 30. Rf1 a1=Q 31. h4 Ra2 0-1

[Event "Titled Tue 24th Jun Early"]
[Site "chess.com INT"]
[Date "2025.06.24"]
[Round "10"]
[White "Ghosh, Chanchal Kumer"]
[Black "Cherukuri, Nitesh"]
[Result "1-0"]
[WhiteTitle "CM"]
[BlackTitle "CM"]
[WhiteElo "2018"]
[BlackElo "2171"]
[WhiteFideId "10201858"]
[BlackFideId "30978688"]
[EventDate "2025.06.24"]

1. e4 g6 2. Nf3 Bg7 3. d4 d6 4. Nbd2 Nf6 5. h3 O-O 6. Be2 e5 7. c3 b6 8. O-O Bb7
9. d5 Nbd7 10. c4 Nc5 11. Qc2 a5 12. b3 Bc8 13. a3 Ne8 14. Bb2 f5 15. b4 axb4
16. axb4 Rxa1 17. Bxa1 Nxe4 18. Nxe4 fxe4 19. Qxe4 Bf5 20. Qe3 h5 21. Bd3 Bxd3
22. Qxd3 Qf6 23. Nd2 Qf5 24. Ne4 Nf6 25. Nxf6+ Bxf6 26. Qxf5 gxf5 27. Rc1 Ra8
28. g3 Kf7 29. Kg2 Ra4 30. c5 Rxb4 31. cxd6 cxd6 32. Rc7+ Be7 33. Bxe5 dxe5 34.
d6 Rb1 35. Rxe7+ Kf6 36. Rb7 b5 37. h4 b4 38. Rb5 b3 39. Rd5 b2 40. d7 Rg1+ 41.
Kh2 Rh1+ 42. Kxh1 b1=Q+ 43. Kh2 Qf1 44. d8=Q+ Kf7 45. Rd7+ Kg6 1-0

[Event "Titled Tue 24th Jun Early"]
[Site "chess.com INT"]
[Date "2025.06.24"]
[Round "10"]
[White "Niemann, Hans Moke"]
[Black "Firouzja, Alireza"]
[Result "1-0"]
[WhiteTitle "GM"]
[BlackTitle "GM"]
[WhiteElo "2736"]
[BlackElo "2766"]
[WhiteFideId "2093596"]
[BlackFideId "12573981"]
[EventDate "2025.06.24"]

1. e4 c5 2. Nf3 d6 3. Bb5+ Nd7 4. Ba4 Nf6 5. O-O a6 6. c4 e6 7. Nc3 b6 8. e5
dxe5 9. Nxe5 Bd6 10. d4 cxd4 11. Nf3 e5 12. Bg5 O-O 13. Nd5 h6 14. Bh4 Nc5 15.
Bxf6 gxf6 16. Bc2 d3 17. Bxd3 e4 18. Bc2 exf3 19. Qxf3 Kg7 20. Rad1 Re8 21. Ne3
Ra7 22. b4 Ra8 23. bxc5 bxc5 24. Qxa8 Qc7 25. Qf3 Bxh2+ 26. Kh1 Bf4 27. Nf5+ 1-0

[Event "Titled Tue 24th Jun Early"]
[Site "chess.com INT"]
[Date "2025.06.24"]
[Round "10"]
[White "Gimeno Martos, Roberto"]
[Black "Yang, Daniel"]
[Result "1-0"]
[WhiteTitle "CM"]
[BlackTitle "CM"]
[WhiteElo "2090"]
[BlackElo "2198"]
[WhiteFideId "2226804"]
[BlackFideId "30976340"]
[EventDate "2025.06.24"]

1. e4 c5 2. Nc3 Nc6 3. g3 g6 4. Bg2 Bg7 5. d3 d6 6. Be3 e6 7. Qd2 Nge7 8. Bh6
O-O 9. h4 Re8 10. Bxg7 Kxg7 11. h5 Ng8 12. Nge2 Rb8 13. hxg6 fxg6 14. Rh2 b5 15.
O-O-O b4 16. Nb1 Kh8 17. Rdh1 Rb7 18. Nf4 Qf6 19. e5 dxe5 20. Bxc6 Ree7 21. Bxb7
Bxb7 22. Re1 exf4 23. Qxf4 Qxf4+ 24. gxf4 Nf6 25. Nd2 Ng4 26. Rh4 Nxf2 27. Ne4
Nxe4 28. dxe4 e5 29. f5 gxf5 30. exf5 e4 31. f6 Rf7 32. Rh6 Kg8 33. Rg1+ Kf8 34.
Kd2 Ke8 35. Rg8+ Rf8 36. Rxf8+ Kxf8 37. Rxh7 Bd5 38. b3 a5 39. Ke3 a4 40. Rc7
axb3 41. axb3 Ke8 42. Rxc5 1-0

[Event "Titled Tue 24th Jun Early"]
[Site "chess.com INT"]
[Date "2025.06.24"]
[Round "10"]
[White "Duarte Cramer, Lily Jeanette"]
[Black "Nikulina, Alena"]
[Result "0-1"]
[WhiteTitle "WCM"]
[BlackTitle "WFM"]
[WhiteElo "1828"]
[BlackElo "1875"]
[WhiteFideId "29620180"]
[BlackFideId "4172051"]
[EventDate "2025.06.24"]

1. d4 d5 2. c4 dxc4 3. e3 e5 4. Nf3 exd4 5. Qxd4 Qxd4 6. Nxd4 Nf6 7. Bxc4 Bb4+
8. Nc3 Nbd7 9. a3 Bxc3+ 10. bxc3 Ne5 11. Be2 Bd7 12. Rb1 O-O-O 13. Bd2 Ne4 14.
f3 Nxd2 15. Kxd2 Rhe8 16. Bd3 g6 17. Be4 c6 18. Bd3 f5 19. f4 Nf7 20. Rb2 a6 21.
Rhb1 b5 22. a4 Nd6 23. axb5 axb5 24. Ra1 Kc7 25. Ra7+ Nb7 26. Rba2 Be6 27. R2a6
Bd5 28. g3 Rb8 29. Bxb5 cxb5 30. Nxb5+ Kd8 31. Rd6+ Nxd6 32. Nxd6 Re7 33. Ra5
Be4 34. Nb5 Rd7+ 35. Nd4 Rb2+ 36. Kc1 Rxh2 37. Re5 Rg2 38. Ne6+ Kc8 39. Rc5+ Kb8
40. Rb5+ Ka7 41. Nc5 Rc2+ 42. Kb1 Rd1# 0-1

[Event "Titled Tue 24th Jun Early"]
[Site "chess.com INT"]
[Date "2025.06.24"]
[Round "10"]
[White "Babayeva, Nasrin"]
[Black "Purushothaman, Thirumalai"]
[Result "0-1"]
[WhiteTitle "WFM"]
[BlackTitle "FM"]
[WhiteElo "1936"]
[BlackElo "2027"]
[WhiteFideId "13416626"]
[BlackFideId "5012791"]
[EventDate "2025.06.24"]

1. c4 e6 2. g3 d5 3. Bg2 Nf6 4. Nf3 Be7 5. O-O O-O 6. b3 Nbd7 7. Bb2 c5 8. e3 b6
9. cxd5 exd5 10. d4 Ba6 11. Re1 Rc8 12. Nc3 Qc7 13. Rc1 Qb7 14. Ne5 cxd4 15.
Nxd7 Qxd7 16. Qxd4 Rfd8 17. Red1 Bc5 18. Qh4 Bb7 19. Na4 Be7 20. Rxc8 Rxc8 21.
Bh3 Qb5 22. Bxc8 Bxc8 23. Qf4 Qe2 24. Rc1 Bh3 25. Qb8+ Bf8 26. Ba3 Nd7 27. Bxf8
Nxb8 28. Bd6 Qf3 0-1

[Event "Titled Tue 24th Jun Early"]
[Site "chess.com INT"]
[Date "2025.06.24"]
[Round "10"]
[White "Puzyrevsky, Semyon"]
[Black "Shankland, Sam"]
[Result "0-1"]
[WhiteTitle "FM"]
[BlackTitle "GM"]
[WhiteElo "2292"]
[BlackElo "2666"]
[WhiteFideId "24240931"]
[BlackFideId "2004887"]
[EventDate "2025.06.24"]

1. d4 d5 2. Nf3 Nf6 3. c4 c6 4. Nc3 e6 5. e3 Nbd7 6. Qc2 Bd6 7. Bd3 O-O 8. O-O
dxc4 9. Bxc4 b5 10. Be2 Bb7 11. e4 e5 12. Rd1 Qc7 13. h3 Rfe8 14. Bg5 exd4 15.
Nxd4 b4 16. Na4 Nxe4 17. Be3 Bh2+ 18. Kh1 Bf4 19. Bf3 Bxe3 20. Bxe4 Bxd4 21.
Bxh7+ Kf8 22. Rxd4 c5 23. Rad1 Qc6 24. Rg4 Nf6 25. Rg3 c4 26. b3 c3 27. Bd3 Rad8
28. a3 a5 29. axb4 axb4 30. Bc4 Qe4 31. Bd3 Qf4 32. Nc5 Bc6 33. Ra1 Qd2 34. Qxd2
cxd2 35. Re3 Rxe3 36. fxe3 Rd5 37. Rd1 Rxc5 38. Rxd2 Rd5 39. Rc2 Rxd3 40. Rxc6
Rxb3 41. Rb6 Nd5 42. Rb8+ Ke7 43. Rb7+ Ke6 44. e4 Nf6 45. e5 Nd7 46. Kh2 Nxe5
47. Rb6+ Kf5 48. Rb7 g5 49. Rb5 f6 50. g4+ Kf4 51. Rb6 Rb2+ 52. Kg1 Nf3+ 53. Kf1
Kg3 54. h4 Rf2# 0-1

[Event "Titled Tue 24th Jun Early"]
[Site "chess.com INT"]
[Date "2025.06.24"]
[Round "10"]
[White "Weerasekara, Dishal Nimsara"]
[Black "Burovic, Rijad"]
[Result "1-0"]
[WhiteTitle "FM"]
[BlackTitle "IM"]
[WhiteElo "2125"]
[BlackElo "2420"]
[WhiteFideId "9997431"]
[BlackFideId "14407701"]
[EventDate "2025.06.24"]

1. c4 g6 2. Nc3 Bg7 3. Nf3 d6 4. g3 e5 5. Bg2 f5 6. O-O Nf6 7. d4 e4 8. Nd2 O-O
9. e3 c6 10. b4 Be6 11. a4 h5 12. b5 h4 13. Qb3 hxg3 14. hxg3 c5 15. d5 Bf7 16.
f3 exf3 17. Nxf3 Ng4 18. Ra3 Re8 19. e4 Nd7 20. Qc2 Nde5 21. exf5 Nxf3+ 22. Bxf3
Bd4+ 23. Kh1 Ne5 24. Be4 gxf5 25. Rxf5 Kg7 26. Bg5 Rh8+ 27. Kg2 Qd7 28. Bf6+ Kg8
29. Qc1 1-0

[Event "Titled Tue 24th Jun Early"]
[Site "chess.com INT"]
[Date "2025.06.24"]
[Round "10"]
[White "Newansa, M Esandi"]
[Black "Golsta, Madara"]
[Result "1-0"]
[WhiteTitle "WCM"]
[WhiteElo "1945"]
[BlackElo "2008"]
[WhiteFideId "9999060"]
[BlackFideId "11607386"]
[EventDate "2025.06.24"]

1. d4 d5 2. Bf4 c5 3. e3 Nf6 4. c3 Qb6 5. Qc2 Nc6 6. Nd2 g6 7. Ngf3 Bg7 8. Be2
O-O 9. O-O Bf5 10. dxc5 Qxc5 11. Qb3 Na5 12. Qa4 Nc6 13. Bc7 e6 14. h3 h5 15.
Bh2 Ne4 16. Nxe4 Bxe4 17. Nd2 Qa5 18. Qxa5 Nxa5 19. Nxe4 dxe4 20. Rad1 Rfd8 21.
Bc7 Rxd1 22. Rxd1 Nc6 23. Bb5 Rc8 24. Bg3 Ne5 25. Be2 Nc4 26. Bxc4 Rxc4 27. Rd7
Ra4 28. a3 b5 29. Rb7 a6 30. Kf1 Rc4 31. Ke2 Bf6 32. Rb6 Ra4 33. Kd2 Kg7 34. Kc2
h4 35. Bd6 Bg5 36. b3 Ra5 37. Kb2 b4 38. cxb4 Rf5 39. Rxa6 Rxf2+ 40. Kc3 Rxg2
41. b5 Bxe3 42. b6 Rf2 43. b7 Rf3 44. Kc4 Bd2 45. b8=Q Rc3+ 46. Kd4 e5+ 47.
Bxe5+ 1-0

[Event "Titled Tue 24th Jun Early"]
[Site "chess.com INT"]
[Date "2025.06.24"]
[Round "10"]
[White "Plichta, Kamil"]
[Black "Yatskar, Martin"]
[Result "0-1"]
[WhiteTitle "FM"]
[BlackTitle "CM"]
[WhiteElo "2361"]
[BlackElo "2225"]
[WhiteFideId "1141830"]
[BlackFideId "34109676"]
[EventDate "2025.06.24"]

1. d4 d5 2. f3 c5 3. e4 dxe4 4. d5 exf3 5. Nxf3 Nf6 6. Nc3 g6 7. Bf4 Bg7 8. Qd2
O-O 9. Bh6 Bf5 10. Bxg7 Kxg7 11. O-O-O Nbd7 12. Nh4 Bg4 13. Be2 Bxe2 14. Qxe2
Qc7 15. Rhf1 Qxh2 16. Nf3 Qd6 17. Kb1 a6 18. Rh1 h5 19. Qe3 Ng4 20. Qd2 Ndf6 21.
Nh4 b5 22. Qg5 Qe5 23. Qd2 Qe3 24. Rhe1 Qxd2 25. Rxd2 Rfe8 26. Rde2 Ra7 27. Nf3
Rd7 28. a3 Kf8 29. b4 cxb4 30. axb4 Nxd5 31. Ne4 Rc8 32. Kb2 Nxb4 33. Nfg5 Nf6
34. Rf1 Kg7 35. Ref2 Rc6 36. g4 hxg4 37. Rh1 Nbd5 38. Rfh2 Nh5 39. Rh4 Ndf6 40.
Nxf6 exf6 41. Ne4 f5 42. Nf2 Rd2 0-1

[Event "Titled Tue 24th Jun Early"]
[Site "chess.com INT"]
[Date "2025.06.24"]
[Round "10"]
[White "Winkels, Marcel"]
[Black "Mangialardo, Tiago Carvalho"]
[Result "0-1"]
[WhiteTitle "CM"]
[WhiteElo "1905"]
[BlackElo "1979"]
[WhiteFideId "1003887"]
[BlackFideId "2130718"]
[EventDate "2025.06.24"]

1. e4 e5 2. Nf3 Nc6 3. d4 exd4 4. c3 dxc3 5. Nxc3 Bb4 6. Bc4 Nf6 7. e5 d5 8.
exf6 dxc4 9. Qxd8+ Nxd8 10. fxg7 Rg8 11. Bh6 Ne6 12. O-O-O Bxc3 13. bxc3 Nxg7
14. Ng5 Nf5 15. Rhe1+ Be6 16. Nxe6 fxe6 17. Bf4 Rxg2 18. Rxe6+ Kf7 19. Re5 Nd6
20. Bg3 Re8 21. Rxe8 Kxe8 22. Kd2 Ne4+ 23. Ke3 Nxg3 24. hxg3 Rh2 25. Rd4 b5 26.
Rd5 c6 27. Rd6 Rh5 28. Rxc6 Rd5 29. Ra6 Rd3+ 30. Ke4 Rxc3 31. f4 Rxg3 32. Rxa7
h5 33. Ke5 c3 34. Rc7 h4 35. f5 h3 36. Ke6 Re3+ 37. Kf6 h2 38. Rc8+ Kd7 39. Rh8
c2 40. Rh7+ Kd6 41. Rh3 Rxh3 0-1

[Event "Titled Tue 24th Jun Early"]
[Site "chess.com INT"]
[Date "2025.06.24"]
[Round "10"]
[White "Samsonkin, Artiom"]
[Black "Sydykov, Bayastan"]
[Result "0-1"]
[WhiteTitle "IM"]
[BlackTitle "FM"]
[WhiteElo "2361"]
[BlackElo "2301"]
[WhiteFideId "13503111"]
[BlackFideId "13829610"]
[EventDate "2025.06.24"]

1. e4 e6 2. d4 d5 3. Nd2 a6 4. Ngf3 Nf6 5. Bd3 c5 6. e5 Nfd7 7. c3 b5 8. O-O Nc6
9. Re1 g5 10. dxc5 g4 11. Nd4 Ncxe5 12. Bf1 Bxc5 13. N2b3 Bd6 14. Bf4 Qf6 15.
Be3 Bb7 16. Qd2 h5 17. Na5 O-O-O 18. Bg5 Qg6 19. Bxd8 Rxd8 20. Nxb7 Kxb7 21. a4
Rg8 22. axb5 Nf3+ 23. Nxf3 gxf3 24. bxa6+ Ka8 25. g3 h4 26. Qd3 Qxd3 27. Bxd3
Bc5 28. b4 Bb6 29. Kf1 hxg3 30. fxg3 Nf6 31. c4 Bd4 32. c5 Ng4 33. Rec1 Nxh2+
34. Ke1 Rxg3 35. c6 Be3 36. Kd1 Rg2 37. c7 Rd2+ 38. Ke1 f2# 0-1

[Event "Titled Tue 24th Jun Early"]
[Site "chess.com INT"]
[Date "2025.06.24"]
[Round "10"]
[White "Frempong-Smart Daniel"]
[Black "Brown, Akeem"]
[Result "0-1"]
[WhiteTitle "CM"]
[BlackTitle "CM"]
[WhiteElo "1841"]
[BlackElo "2055"]
[WhiteFideId "12601659"]
[BlackFideId "7402023"]
[EventDate "2025.06.24"]

1. d4 d5 2. Nf3 Nf6 3. g3 e6 4. Bg2 Be7 5. O-O O-O 6. c4 dxc4 7. Ne5 Nc6 8. Bxc6
bxc6 9. Nxc6 Qe8 10. Nxe7+ Qxe7 11. Qa4 c5 12. Qxc4 cxd4 13. Qxd4 Rd8 14. Qh4
Rb8 15. Nc3 h6 16. a3 Bb7 17. Be3 Ba8 18. b4 Rbc8 19. Rac1 Nd5 20. Qxe7 Nxe7 21.
Bxa7 Rd2 22. Bc5 Ng6 23. Rfd1 Rb2 24. a4 Ne5 25. Nb5 Bc6 26. Nd4 Bxa4 27. Re1
Nd7 28. Rb1 Rxb1 29. Rxb1 Nxc5 30. bxc5 Rxc5 31. Rb8+ Kh7 32. Rb4 Bd7 33. Kg2
Rd5 34. Nf3 Bc6 35. Rc4 Bb5 36. Rc2 e5 37. Nd2 Bxe2 38. Ne4 Bd3 0-1